000 00280nam a2200121Ia 4500
008 220204s9999 xx 000 0 und d
082 _a301.15
_bMOO
100 _aMoore, W E
245 0 _aSocial change
250 _aEd.2
260 _aNew Delhi
_bPrentice Hall
_c1978
942 _cBK
999 _c29209
_d29209